Guess the 1960s song lyrics #1 - Statistics

General Stats
  • This quiz has been taken 50 times
  • The average score is 108 of 190
Answer Stats
Answer % Correct
the
91%
twist
91%
Twist
91%
do
89%
Let's
86%
let's
86%
And
82%
and
82%
on
80%
Come
77%
baby
75%
Baby
75%
like
75%
go
70%
we
68%
you
61%
You
61%
me
59%
this
57%
my
52%
My
52%
She
52%
to
52%
by
50%
hand
45%
how
45%
Round
45%
round
45%
is
43%
just
43%
Take
43%
yeah
43%
Yeah
43%
all
41%
knows
41%
little
41%
now
39%
down
34%
night
34%
We're
34%
really
32%
see
32%
should
32%
around
25%
gonna
23%
rock
23%
sis
23%
miss
20%
daddy
18%
That's
18%
ain't
16%
mama
16%
Ooh
16%
sleepin
16%
house
14%
Til
14%
tear
11%
twisty
9%
Eyah
2%
No matching quizzes found
Score Distribution
Percent of People with Each Score
Percentile by Number Answered
Your Score History
You have not taken this quiz